00665nam a2200193Ia 4500003000900000008004100009020002200050040001600072080001900088245008200107260003000189300001400219650001000233650002900243700002800272942000700300999001700307952014700324IN-BaIIA211028s9999 xx 000 0 eng d a978-3-527-41031-6 cIIA Library a524.31.08bWHI 0aWhite dwarf atmospheres and circumstellar environmentscedited by D. W. Hoard aWeinheimbWiley-VCHc2011 axv, 227p. aStars aWhite dwarf stars916514 aHoard, D. W. ed.934938 cBK c18255d18255 00104070aBANbBANcGENd2012-03-15eBB g7080.00l1o524.31.08/ WHIp19177r2022-05-03s2022-03-02v7080.00w2012-03-15yBKGRs. 7080.00